00856 2200181 4500245006000000020002200060250001200082100001600094700001500110650002000125005001900145260003900164041001400203084000800217300002600225500041400251336000900665 aKesatria , Putri , dan Bintang JatuhcDee LestarihText a978-602-8811-72-9 aCet. 10 aDee Lestari aDhewiberta aNovel Indonesia a20231004092613 aYogyakartabPenerbit Bentangc2016 aIndonesia a813 ax, 322 hlm. :c20 cm. aJUDUL: KESATRIA, PUTRI & BINTANG JATUHPararel dengan itu , dalam kehidupan nyata.Sebuah kisah cinta terlarang terjalin antara Ferre dan Rana . Hubungan cinta mereka merepresikan dinamika yang terjadi antara tokoh Kesatria dan putri dalam fiksi Dimas dan Reuben tokoh ketiga , Bintang jatuh, dihadirkan oleh seorang peragawati terkenal bernama Diva , yang memiliki profesi sampingan sebagai pelacur kelas atas. atext